Η φιλοσοφία μέσα από τη λογοτεχνία : εκπαιδευτική αξιοποίηση του μυθιστορήματος "Υπατία" του Δημήτρη Βαρβαρήγου

Αποθηκεύτηκε σε:
Λεπτομέρειες βιβλιογραφικής εγγραφής
Κύριος συγγραφέας: Μπαλλή, Ξανθίππη Σ.
Άλλοι συγγραφείς: Βαρβαρήγος, Δημήτριος, 1951- (Συγγραφέας εισαγωγής κ.λπ.)
Μορφή: Βιβλίο
Γλώσσα:Greek
Δημοσίευση: Θεσσαλονίκη : Σταμούλης Αντ., [2010;].
Θέματα:
Ετικέτες: Προσθήκη ετικέτας
Δεν υπάρχουν, Καταχωρήστε ετικέτα πρώτοι!

MARC

LEADER 00000nam a2200000 a 4500
001 1/118903
008 190528s2010####gr | ||| |||| ||gre||
020 |a 9789606887512  
040 |a GR-MyUa  |b gre  |c GR-MyUa  |e AACR2 
041 0 |a gre 
082 7 |a 889.307   |2 (23) 
100 1 |a Μπαλλή, Ξανθίππη Σ. 
245 1 2 |a Η φιλοσοφία μέσα από τη λογοτεχνία :   |b εκπαιδευτική αξιοποίηση του μυθιστορήματος "Υπατία" του Δημήτρη Βαρβαρήγου /   |c Ξανθίππη Σ. Μπαλλή.  
260 |a Θεσσαλονίκη :   |b Σταμούλης Αντ.,   |c [2010;].  
300 |a 162 σ. ;   |c 24 εκ.  
500 |a Περιέχει υποσημειώσεις.  
504 |a Βιβλιογραφία : σ. 155-162. 
504 |a Περιλαμβάνει βιβλιογραφικές παραπομπές και ευρετήριο.  
650 0 |a Philosophy in literature. 
650 0 |a Greek literature, Modern  |y 20th century  |x History and criticism. 
700 1 |a Βαρβαρήγος, Δημήτριος,   |d 1951-  |e aui 
852 |a INST  |b RHODES  |c EUDOXUS  |e 20190528  |h 889.307 ΜΠΑ  |p 005400040837  |q 005400040837  |t EDX  |y 0 
920 |a Εύδοξος  |b Παραγγελία  |y Ρόδος-ΠΤΔΕ  |z 2019-05 
970 |a Μαρία  |b Κωτάκου  |z 28-05-2019